000 00561nam a2200193 a 4500
001 1221
005 20140414131920.0
008 041110s19uu xx 00 eng d
020 _a0-307-02067-3
050 _aER
_bM99 1985
100 _aMoore, Lillian
245 _aMy first counting book /
_cby Lillian Moore ; pictures by Garth Williams.
260 _aNew York :
_bA Golden Books,
_c1985.
300 _ap. : ill. ; cm.
440 _aWalt Disney's
650 _aAnimals
_xCounting
_xJuvenile literature.
650 _aChildren stories.
999 _c111710
_d111710